000 00759cam a22002413a 4500
001 19768
003 PGUSA
005 20140828083423.0
008 061112s2006||||xxu|||||s|||||000 | eng d
040 _aPGUSA
_beng
042 _adc
050 4 _aLD
100 1 _aAbbot, Francis Ellingwood,
_d1836-1903
245 1 2 _aA Public Appeal for Redress to the Corporation and Overseers of Harvard University :
_bProfessor Royce's Libel
_h[electronic resource] /
_cFrancis Ellingwood Abbot
260 _bProject Gutenberg,
_c2006
506 _aPublic domain in the USA.
516 _aElectronic text
653 _aLiterary ethics
653 _aPlagiarism
830 0 _aProject Gutenberg
_v19768
856 4 0 _uhttp://www.gutenberg.org/ebooks/19768
942 _cEB
999 _c249023
_d249023